Valószínűségi törvények

Elmentve itt :
Bibliográfiai részletek
Szerző: Harsányi Ernő
További közreműködők: nincs megadva (Témavezető)
Dokumentumtípus: Disszertáció
Megjelent: 1967
Kulcsszavak:Filozófia
Tárgyszavak:
Online Access:http://doktori.ek.szte.hu/9131
LEADER 00682nta a2200205 i 4500
001 dokt9131
005 20240131155350.0
008 240131s1967 hu om 000 hun d
040 |a SZTE Doktori Repozitórium  |b hun 
041 |a hun 
100 1 |a Harsányi Ernő 
245 1 0 |a Valószínűségi törvények  |h [elektronikus dokumentum] /  |c  Harsányi Ernő 
260 |c 1967 
502 |a Disszertacio 
650 4 |a filozófiai tudományok 
650 4 |a Bölcsészettudományok 
650 4 |a Filozófia, etika és vallástudományok 
695 |a Filozófia 
700 0 1 |a nincs megadva  |e ths 
856 4 0 |u https://doktori.bibl.u-szeged.hu/id/eprint/9131/1/1967_harsanyi_erno.pdf  |z Dokumentum-elérés